| 000 | 01001cam a22002054a 4500 | ||
|---|---|---|---|
| 005 | 20250605164213.0 | ||
| 008 | 250528s ||||||||||||||||||||||||d | ||
| 035 | _a20366 | ||
| 020 | _a273655787 | ||
| 040 |
_aGR-AtMCL _bgre _dGR-AtMCL _eAACR2 |
||
| 245 | 1 | _aIntroduction to Operations Management / Second Edition | |
| 250 | _a2nd | ||
| 260 |
_bFinancial Times - Prentice Hall, _c2002 |
||
| 300 | _a576 | ||
| 520 | _aThis book provides a comprehensive coverage of operations management for those who come to the subject for the first time. Production and Operations in Context, Scope of Operations Management, Technology and Operations Management, Planning and Control, Studying Work, Location and Layout, Facility Location, Maintenance, Capacity Management, Supply Chain Management, Project Management, Quality and Operations Improvement, Quality Management, Investigating and Controlling Quality, Index. | ||
| 700 | 1 |
_aNaylor John _96357 |
|
| 942 | _cBK | ||
| 999 |
_c5483 _d5483 |
||